Państwa, które produkują najwięcej mandarynek. - Statystyki

Ogólne statystyki
  • Ten quiz został rozwiązany 139 razy
  • Średni wynik to 11 z 15
Statystyki odpowiedzi
Tony Państwo % Poprawnych
1 826 340 tony Hiszpania
92%
984 897 tony Brazylia
90%
19 883 043 tony Chiny
90%
763 600 tony Włochy
89%
986 110 tony Stany Zjednoczone
86%
425 515 tony Argentyna
79%
486 411 tony Meksyk
77%
1 400 000 tony Turcja
77%
1 096 027 tony Egipt
71%
1 374 629 tony Maroko
65%
746 700 tony Japonia
64%
586 568 tony Iran
61%
507 596 tony Peru
58%
596 467 tony Pakistan
47%
645 000 tony Korea Południowa
41%
Nie znaleziono quizów pasujących do podanych kryteriów
Rozkład punktacji
Procent ludzi z każdym wynikiem
Percentyl według liczby udzielonych odpowiedzi
Twoja historia wyników
Nie rozwiązałeś tego quizu